| 000 | 00448pab a2200169 454500 | ||
|---|---|---|---|
| 008 | 180718b2005 xxu||||| |||| 00| 0 eng d | ||
| 100 | _aDalu, R.S. | ||
| 245 | _aTotal quality management implementation models for SMES - a review | ||
| 260 | _c2005 | ||
| 300 | _ap.374-77. | ||
| 362 | _aJul-Dec | ||
| 650 | _aSmall scale industry | ||
| 650 | _aTotal quality management | ||
| 700 | _aDeshmukh, S.G. | ||
| 773 | _aProductivity | ||
| 909 | _a71375 | ||
| 999 |
_c71375 _d71375 |
||